Quizzes
Events
Quiz Creation
Community
Videos
Private Events
Remove Ads
Sign In
Join for FREE
Feedback
Dark Mode
Quiz Categories
Sports
Geography
Music
Movies
Television
Just For Fun
Miscellaneous
History
Literature
Language
Science
Gaming
Entertainment
Religion
Holiday
For Kids
Quiz Lab
Recent
Popular Today
Quiz Kudos Today
Editor Picks
Curator Picks
Quizzes by...
Day
Popularity
Type
Ratings
Length
Year
Community
Subscriptions
Recent Discussions
Orange Saloon
Badges
Playlists
Quests
Create
Leaderboards
Showdown
Live 5
Trivia Bingo
Activity
Puzzle Library
Sporcle Events
Private Events
Virtual Trivia
Globe League
Become a Host
Pub Owners
SporcleCon
Opinionation
Our Games
Videos
Blog
Mobile Apps
Partnerships
Remove Ads and Go Orange
Feedback
Miscellaneous
Crossword
General Knowledge
Baby Names
Logo
Food
Cars
Numbers
Grab Bag
University
College
Popular
Company
Slogans
Restaurants
Justice
Letter
Miscellaneous
Crossword
General Knowledge
Baby Names
Logo
Food
Cars
Numbers
Grab Bag
University
College
Popular
Company
Slogans
Restaurants
Justice
Letter
Random Quiz
Search Sporcle
×
Quiz Lab
Quiz Lab
Miscellaneous
Ever
Type in answers that appear in a list
Type in answers that appear in a list
Classic
Best Score? Go Orange.
The Hardest Quiz Ever (not by sandman4) Stats
Can you name the The Hardest Quiz Ever (not by sandman4)?
By
tragiti
5m
20 Questions
211 Plays
211 Plays
211 Plays
Comments
Comments
Give Quiz Kudos
Give Quiz Kudos
-
- Ratings
hide this ad
Replay
Link that replays current quiz
Next Quiz
Link to next quiz in quiz playlist
You Got
0%
They Got
Avg Score
33%
Avg Friend Score
Upgrade to see
Score Distribution
Jump to the score distribution portion of the page
Score
0/20
Timer
05:00
0
Plays Today
Info.
Answer
% Correct
Average number of seconds for a stoplight to turn green after the other light turned red.
3
62.1%
The president of North Vietnam during the Vietnamese War.
Ho Chi Minh
56.9%
The headmaster of Hogwarts.
Albus Dumbledore
56.4%
Continent that the Danube River is located on.
Europe
56.4%
Structure built in 1960. Torn down in 1989.
Berlin Wall
40.8%
Civil rights activist who was shot in New York in 1965.
Malcolm X
38.4%
Holiday always on the second Sunday in May(U.S.).
Mother's Day
38.4%
Inventor of dynamite.
Nobel
37.4%
Olympus Mons is located here.
Mars
37%
Goddess of victory (Greek or Roman).
Victoria or Nike
32.2%
Info.
Answer
% Correct
Name of Charles Lindbergh's plane.
Spirit of St. Louis
31.3%
Country where the tango originated.
Argentina
29.4%
Nerve cell
neuron
27.5%
Geometric term for a five-
pointed star.
pentagram
26.5%
America's first space shuttle.
Columbia
21.3%
Author of the Ugly Duckling.
Hans Christian Andersen
18.5%
Author of Peter Pan.
J. M. Barrie
16.1%
Painting on a wet plaster of wall.
fresco
15.2%
Capital of Mexico's largest state.
Chihuahua
12.8%
Father of the H-
bomb.
Edward Teller
6.6%
Quiz Playlist
Details
Report
Send in Message
Add To Playlist
Classic:
Type in answers that appear in a list
Last Updated: Feb 16, 2017
Quiz Scoreboard
CHALLENGE
Sign Up to Join the Scoreboard
Show All
Scores
Hide
Comments
May contain spoilers
Recently Published
Pick 6: Fruits
by JohnFran
Miscellaneous
15s
Click the 1999 NBA Draft
by nibperrychub
Sports
2m
Alphabetical 'K' Countries by Flag Minefield
by ylime102
Geography
3m
More to Explore
Quiz From the Vault
Featured Blog Post
15 Basketball Trivia Facts You Can Be March Mad About
hide this ad
You Might Also Like...
Tags
Ever
Today's Top Quizzes in Miscellaneous
Browse Miscellaneous
hide this ad
Today's Top Quizzes in Ever
Browse Ever
Top Contributed Quizzes in Miscellaneous
1
Spring Months consonants
2
Pick 6: Vegetables
3
Pick 6: Supreme Pizza
4
Four Seasons
5
Guess the 'S' Things in 3 Words
6
Pick 6: University Mascots
7
The JOE quick-fire general knowledge quiz: Day 166
8
Sporcle Acrostic Puzzle XXXV
9
Guess the 'T' Things in 3 Words
10
Guess the 'V' Things in 3 Words
Explore More
Trending Topics
Disney
Marvel
Crossword
Kpop
Harry Potter
Anime
NBA
WWE
Song
The Office
Soccer
Pokémon
Puzzle
Country
NFL
hide this ad
More By:
tragiti
Quiz
Plays
Rating
Category
Featured
Created
name the oxymoron
242
3.67
Miscellaneous
May 11, 2010
Commonly Unknown
231
1.86
Miscellaneous
May 9, 2010
The Hardest Quiz Ever (not by sandman4)
211
2.78
Miscellaneous
May 12, 2010
celebrities' real names
180
2.88
Entertainment
May 14, 2010
Countries in Between 2
166
2.25
Geography
May 17, 2010
Go to Creator's Profile
Score Distribution
Quiz Creator Spotlight
tragiti
Follow
Send a Message
Quizzes Created
-
Created Quiz Play Count
-
More By This Creator
Popular Quizzes Today
1
Find the US States - No Outlines Minefield
2
Countries of Asia Without Outlines Minefield
3
Pick 6: Fruits
4
The Countries of the World
5
Alphabetical 'K' Countries by Flag Minefield
6
Find the US States
7
Match the Book to the Film X
8
Click the 1999 NBA Draft
More Miscellaneous Quizzes
Sunday Crossword: Dizzying Heights
Curator's Pick
Trending Quizzes
Pick 6: Harry Potter
Pick 6: Mountains
Pick 6: NFL Teams
Pick 6: Movie Franchises
Pick 6: Golfers
Recently Updated
Women's Final Four Teams by Year
bhenderson79
Presidents Quartet II
eogle
Anything But Clue(do)
eogle
Anything But Oceanian Capitals
eogle
Anything But 7
eogle
Anything But Thing
eogle
Word Ladder: February 29
pecheneg
Song Title Questions
pecheneg
Women's NCAA Tournament #1 Seeds
pecheneg
Celebrity Mug Shots
pecheneg
Trending Topics
Marvel
Anime
Crossword
Disney
Harry Potter
Kpop
NBA
Soccer
Song
Pokémon
NFL
Country
WWE
The Office
Puzzle
Your Account Isn't Verified!
In order to create a playlist on Sporcle, you need to verify the email address you used during registration. Go to your
Sporcle Settings
to finish the process.
Report this User
Report this user for behavior that violates our
Community Guidelines
.
Details:
Send Report
Go to the Sporcle.com Mobile Site →
Comments